| 000 | 01297nam a2200241Ia 4500 | ||
|---|---|---|---|
| 999 |
_c50693 _d50693 |
||
| 001 | 17644 | ||
| 003 | GE_BSU | ||
| 005 | 20200220162454.0 | ||
| 008 | 181216s2008ge xx |||||||||||||| ||geo|| | ||
| 040 | _cGE_BSU | ||
| 041 | _ageo | ||
| 080 | _a331.45(072):69 შ-87 | ||
| 245 |
_aშრომის უსაფრთხოება : _bმეთოდური მითითებები ლაბორატორიული სამუშაოების შესასრულებლად / _cრედ . თ.კუნჭულია. |
||
| 250 | _aმე-3 შევსებული და გადამუშავებული გამოცემა | ||
| 264 |
_aთბილისი : _bტექნ. უნ-ტი, _c2008. |
||
| 300 |
_a172 გვ; _bცხრ ; _c20 სმ. |
||
| 653 | _aინჟინერია | ||
| 653 | _aმეთოდური მითითებები | ||
| 653 | _aსაგანგებო სიტუაციების მართვისა და შრომის უსაფრთხოების მიმართულება | ||
| 653 | _aშრომის უსაფრთხოება | ||
| 700 |
_aკუნჭულია, თ _eრედაქტორი _97282 |
||
| 942 |
_cBK _2udc |
||